Countries with embassies and consulates in Slovakia - Statistics

General Stats
  • This quiz has been taken 82 times
  • The average score is 33 of 44
Answer Stats
Continent Country % Correct
Asia China
97%
Europe United Kingdom
95%
Asia/ Europe Russia
94%
Europe Hungary
92%
Europe Austria
91%
Europe Czech Republic
91%
North America United States of America
91%
Europe Albania
89%
Europe Spain
89%
Europe Portugal
88%
Europe Belgium
86%
Europe France
86%
Europe Ukraine
86%
Asia Japan
85%
Europe Poland
85%
Europe Serbia
85%
Europe Italy
83%
Europe Croatia
82%
Asia/ Europe Turkey
82%
South America Brazil
80%
Europe Germany
80%
Europe Ireland
80%
Europe Norway
80%
Europe the Netherlands
80%
Europe Belarus
79%
Europe Bulgaria
77%
Europe Romania
77%
Europe Greece
76%
Asia India
76%
Europe Slovenia
76%
Asia South Korea
74%
Europe Switzerland
71%
Africa Egypt
68%
Asia Israel
65%
North America Cuba
64%
Asia Indonesia
59%
Asia Iraq
56%
Asia Azerbaijan
55%
Europe Cyprus
52%
Europe Vatican City
52%
Asia Georgia
45%
Africa Libya
33%
Asia Kuwait
32%
Asia Palestine
27%
No matching quizzes found
Score Distribution
Percent of People with Each Score
Percentile by Number Answered
Your Score History
You have not taken this quiz